[Event "POL-ch sf"]
[Site "Gdynia"]
[Date "1987.??.??"]
[Round "1"]
[White "Leszner, Liliana"]
[Black "Dejkalo, Stefan"]
[Result "1/2-1/2"]
[WhiteElo "2190"]
[BlackElo "2395"]

1.e4 c5 2.Nf3 e6 3.d4 cxd4 4.Nxd4 a6 5.Bd3 Nf6 6.O-O Qc7 7.c4 Nc6 8.Nxc6 dxc6
9.Be3 e5 10.Qb3 Nd7 11.Nc3 Bc5 12.Na4 Bxe3 13.fxe3 O-O 14.c5 Nf6 15.Nb6 Rb8
16.Rf3 Bg4 17.Rg3 Rbd8 18.Rf1 Be6 19.Qc2 Qe7 20.b4 Bxa2 21.Bxa6 bxa6 22.Qxa2 Nxe4
23.Rh3 Rd2 24.Qc4 Ng5 25.Rg3 g6 26.h4 Ne6 27.h5 Rfd8 28.Qg4 Ng7 29.hxg6 hxg6
30.Nc4 R2d5 31.Nd6 Rf8 32.e4 Rxd6 33.cxd6 Qxd6 34.Rh3 Qxb4 35.Rh6 Qc5+ 36.Kh2 Qe3
37.Qh4 Nh5 38.Rxh5 gxh5 39.Rf5 f6 40.Qxh5 Rf7 41.Qg6+ Kf8 42.Rxf6  1/2-1/2

[Event "Baden/Wuert-NordD"]
[Site "Germany"]
[Date "1987.??.??"]
[Round "1"]
[White "Maus, Soenke"]
[Black "Raupp, Thomas"]
[Result "1/2-1/2"]
[WhiteElo "2375"]
[BlackElo "2300"]

1.e4 c5 2.Nf3 e6 3.d4 cxd4 4.Nxd4 a6 5.Bd3 Bc5 6.Nb3 Ba7 7.Nc3 Nc6 8.Qe2 d6
9.Be3 e5 10.Bxa7 Rxa7 11.Nd5 Nge7 12.Qe3 Be6 13.c4 O-O 14.O-O a5 15.Nc3 a4
16.Nb5 Ra8 17.Nd2 Nb4 18.Rfd1 Nec6 19.Nb1 Qb8 20.N1a3 Na7 21.Nxa7 Rxa7 22.Be2 b6
23.Qd2 Nc6 24.Qxd6 Nd4 25.Qxb8 Rxb8 26.Bf1 Rc7 27.Rac1 Rbc8 28.Rc3 Kf8 29.Rdc1 Ke7
30.f3 g5 31.Kf2 h5 32.Be2 h4 33.Bd1 Bd7 34.Nc2 Nxc2 35.R1xc2 Be6 36.Be2 Kd6
37.Ke3 Kc5 38.b3 Ra8 39.Rb2 axb3 40.Rcxb3 Bd7 41.Rd2 Bc6 42.g3 hxg3 43.hxg3 Rca7
44.Rbb2 Ra3+ 45.Bd3 Rc3 46.Rb3 Rc1 47.Rdb2 Ra6 48.Be2 Ra1 49.Kf2 R1xa2 50.Rxb6 Rxb2
51.Rxa6 g4  1/2-1/2

[Event "Graz op"]
[Site "Graz"]
[Date "1987.??.??"]
[Round "2"]
[White "Guyot, Philippe"]
[Black "Cvitan, Ognjen"]
[Result "1/2-1/2"]
[WhiteElo "2295"]
[BlackElo "2510"]

1.e4 c5 2.Nf3 e6 3.d4 cxd4 4.Nxd4 a6 5.Bd3 Nf6 6.O-O Qc7 7.Qe2 d6 8.c4 g6
9.Nc3 Bg7 10.Be3 O-O 11.Rfd1 Nbd7 12.f3 b6 13.Rac1 Bb7 14.Qf2 Rac8 15.Bf1 Qb8
16.b4 Rfe8 17.Nb3 Bf8 18.Na4 d5 19.exd5 Bxb4 20.dxe6 Rxe6 21.Nxb6 Nxb6 22.Bxb6 Bd6
23.h3 Bg3 24.Qd4 Be5 25.Qf2 Bg3 26.Qd4 Rd6 27.Qe3 Re6  1/2-1/2

[Event "Graz op"]
[Site "Graz"]
[Date "1987.??.??"]
[Round "3"]
[White "Riemersma, Liafbern"]
[Black "Jukic, Mirko"]
[Result "1-0"]
[WhiteElo "2345"]
[BlackElo "2455"]

1.e4 c5 2.Nf3 e6 3.d4 cxd4 4.Nxd4 a6 5.Bd3 Nf6 6.O-O Qc7 7.c4 Nc6 8.Nxc6 dxc6
9.f4 e5 10.f5 Bc5+ 11.Kh1 h5 12.Nd2 Ng4 13.Qe2 Qb6 14.h3 Nf2+ 15.Kh2 Qd8
16.Nb3 Qxd3 17.Rxf2 Qxe2 18.Rxe2 Be7 19.Be3 g6 20.Rf1 gxf5 21.exf5 f6 22.g3 Bd7
23.Nc5 O-O-O 24.Rd2 Be8 25.Rfd1 Rxd2+ 26.Rxd2 Bf7 27.Nxb7 Bxc4 28.Nd6+ Bxd6
29.Rxd6 Kc7 30.Rxf6 Bxa2 31.Rh6 Rxh6 32.Bxh6 c5 33.g4 hxg4 34.hxg4 Kd6 35.Kg3 Bb1
36.Kh4 Bd3 37.Kg5 Be2 38.Bf8+ Kd5 39.f6 c4 40.Bb4 Ke6 41.Kg6 Bxg4 42.f7 Bh5+
43.Kxh5 Kxf7 44.Kg4 Ke6 45.Kf3 Kd5 46.Bc3 Kc5 47.Ke4 Kb5 48.Kd5 a5 49.Bxe5  1-0

[Event "Graz op"]
[Site "Graz"]
[Date "1987.??.??"]
[Round "3"]
[White "Szalanczy, Emil"]
[Black "Velikov, Petar"]
[Result "0-1"]
[WhiteElo "2385"]
[BlackElo "2475"]

1.e4 c5 2.Nf3 e6 3.d4 cxd4 4.Nxd4 a6 5.Bd3 Nf6 6.O-O Qc7 7.Nd2 d6 8.f4 Nbd7
9.Qe2 Be7 10.N2f3 Nc5 11.Bd2 O-O 12.e5 Ne8 13.Rae1 b5 14.Kh1 g6 15.Qf2 Ng7
16.Qg3 Nxd3 17.cxd3 Bb7 18.Ng5 Qd7 19.Ndf3 Rac8 20.Bc3 Qd8 21.Qh3 h6 22.Ne4 dxe5
23.Nxe5 b4 24.Bd2 Rc2 25.Bc1 Qc7 26.Qf3 Nf5 27.Qd1 Rd8 28.Nf3 a5 29.Re2 Rc8
30.Ree1 a4 31.a3 bxa3 32.bxa3 Qd8 33.Bd2 Qxd3 34.Ne5 Qd8 35.Qe2 Bxe4 36.Qxe4 Qxd2
37.Nxf7 Kxf7 38.Qxe6+ Kg7 39.Rg1 Rc1  0-1

[Event "Halle-B"]
[Site "Halle"]
[Date "1987.??.??"]
[Round "6"]
[White "Kovalev, Andrei"]
[Black "Kalinitschew, Sergey"]
[Result "1-0"]
[WhiteElo "2400"]
[BlackElo "2445"]

1.e4 c5 2.Nf3 e6 3.d4 cxd4 4.Nxd4 a6 5.Bd3 Qc7 6.O-O Nf6 7.Be3 b5 8.Nd2 Bb7
9.c4 bxc4 10.Rc1 d5 11.exd5 Nxd5 12.Nxc4 Nxe3 13.Nxe3 Qd7 14.Bc2 Qd6 15.Ba4+ Nd7
16.Nc4 Qc7 17.Bxd7+ Qxd7 18.Nb6 Qd8 19.Qa4+ Ke7 20.Nxa8 Qxa8 21.Rc7+ Kf6
22.Qd7 Bxg2 23.Qxf7+ Ke5 24.Qxe6+  1-0

[Event "Jurmala"]
[Site "Jurmala"]
[Date "1987.??.??"]
[Round "?"]
[White "Arnason, Jon L"]
[Black "Toshkov, Tihomir"]
[Result "1-0"]
[WhiteElo "2555"]
[BlackElo "2460"]

1.e4 c5 2.Nf3 e6 3.d4 cxd4 4.Nxd4 a6 5.Bd3 Nf6 6.O-O d6 7.c4 Bd7 8.Nc3 Nc6
9.Nxc6 Bxc6 10.Qe2 Be7 11.b3 O-O 12.Bb2 Re8 13.f4 d5 14.cxd5 exd5 15.e5 Ne4
16.Nxe4 dxe4 17.Bxe4 Bb5 18.Qg4 Qd2 19.Bxh7+ Kf8 20.Rfb1 g6 21.f5 Qe3+ 22.Kh1 Be2
23.Qd4 Qxd4 24.Bxd4 Kg7 25.Re1 Red8 26.Rxe2 Rxd4 27.Bxg6 fxg6 28.f6+ Bxf6
29.exf6+ Kxf6 30.Rf1+ Kg5 31.h3 Rad8 32.Re5+ Kh6 33.Rf6 R8d6 34.Ree6 Rxe6
35.Rxe6 Rb4 36.Re5 b5 37.Re3 a5 38.a3 Rd4 39.Kh2 a4 40.b4 Rd2 41.Kg3 Ra2
42.Kf3 Kg5 43.g3 Kf5 44.h4 Ra1 45.g4+ Kf6 46.Kf4 Rh1 47.g5+ Kf7 48.Ke5 Rc1
49.Kd6 Rf1 50.Re7+ Kf8 51.Re5 Rf3 52.Rxb5 Rxa3 53.Rb8+ Kf7 54.Rb7+ Kg8 55.Ra7 Rd3+
56.Kc5 a3 57.b5 Rb3 58.Kc4  1-0

[Event "URS-FL"]
[Site "Lvov"]
[Date "1987.??.??"]
[Round "?"]
[White "Mikhalchishin, Adrian"]
[Black "Zaichik, Gennadi"]
[Result "1-0"]
[WhiteElo "2500"]
[BlackElo "2490"]

1.e4 c5 2.Nf3 e6 3.d4 cxd4 4.Nxd4 a6 5.Bd3 Nf6 6.O-O d6 7.b3 Nbd7 8.c4 b6
9.Qe2 g6 10.Bb2 Bg7 11.f4 e5 12.fxe5 Nxe5 13.Nc3 O-O 14.Bc2 Re8 15.Rae1 Ra7
16.Qd2 h6 17.h3 Rd7 18.a4 Bb7 19.Nd5 Nxd5 20.exd5 Rde7 21.Qf2 Qd7 22.Re4 b5
23.axb5 axb5 24.Nxb5 Bxd5 25.Nxd6 Bxe4 26.Nxe8 Nf3+ 27.gxf3 Bxb2 28.Bxe4 Bd4
29.Kg2 Qa7 30.Nf6+ Kg7 31.Nh5+ gxh5 32.Qg3+ Kf8 33.Rd1 Re6  1-0

[Event "Marseille"]
[Site "Marseille"]
[Date "1987.??.??"]
[Round "?"]
[White "Sharif, Mershad"]
[Black "Hulak, Krunoslav"]
[Result "1/2-1/2"]
[WhiteElo "2470"]
[BlackElo "2475"]

1.e4 c5 2.Nf3 e6 3.d4 cxd4 4.Nxd4 a6 5.Bd3 Nf6 6.O-O Qc7 7.Qe2 d6 8.c4 g6
9.Nc3 Bg7 10.Bg5 Nbd7 11.Rfd1 O-O 12.Rac1 b6 13.Kh1 Bb7 14.f3 Rac8 15.Qd2 Rfd8
16.Bf1 Qb8 17.Nc2 Bf8 18.Qd4 Be7 19.Ne3 Rc5 20.Bh4 Re8 21.b4 Rc6 22.Bg5 Ba8
23.Bh6 Rec8 24.a3 Ne8 25.Ng4 Ne5 26.Nxe5 dxe5 27.Qf2 Nd6 28.Na4 b5 29.c5 bxa4
30.cxd6 Bxd6 31.Rxc6 Bxc6 32.Bxa6 Rd8 33.Qc2 Be7 34.Rxd8+ Qxd8 35.Be3 Qd7
36.Qd3 f5 37.Qxd7 Bxd7 38.Bd3 Bc6 39.Kg1 Kf7 40.Kf2 Ke8 41.Ke2 Kd7 42.Kd2 Bb7
43.Kc3 Kc6 44.Bc2 Kb5 45.Bd3+ Kc6 46.b5+ Kc7 47.Bc1 Kb6 48.Kc4 Bc5 49.Bc2 h5
50.h3 Ba8 51.Bb2 Bd6 52.Bc1 Bc5 53.Bg5 Bxa3 54.Bd8+ Kb7 55.Kd3 Kc8 56.Bb6 Kd7
57.Bxa4 Kd6 58.Be3 Bb7 59.Bb3 Ba8 60.Bc2 Bb7 61.Kc4 Bc8 62.Bd2 Kc7 63.Ba5+ Kb7
64.Ba4  1/2-1/2

[Event "Medellin"]
[Site "Medellin"]
[Date "1987.??.??"]
[Round "?"]
[White "Juarez Flores, Carlos A"]
[Black "Zapata, Alonso"]
[Result "1/2-1/2"]
[WhiteElo "2340"]
[BlackElo "2505"]

1.e4 c5 2.Nf3 e6 3.d4 cxd4 4.Nxd4 a6 5.Bd3 Nf6 6.O-O Qc7 7.c4 Nc6 8.Nxc6 dxc6
9.f4 e5 10.f5 Nd7 11.Qe2 a5 12.Kh1 b6 13.Nc3 Bb4 14.Qg4 Rg8 15.Ne2 Ba6 16.a3 Be7
17.Be3 Nc5 18.Bxc5 Bxc5 19.Qh3 h6 20.Rfb1 Bb7 21.Bc2 Qe7 22.Qc3 g6 23.b4 axb4
24.axb4 Rxa1 25.Qxa1 Be3 26.Rb3 Bg5 27.Qa7 Qc7 28.b5 c5 29.Nc3 Bd8 30.Nd5 Bxd5
31.Qxc7 Bxc7 32.cxd5  1/2-1/2

[Event "Medellin"]
[Site "Medellin"]
[Date "1987.??.??"]
[Round "?"]
[White "Cuartas, Carlos"]
[Black "Zapata, Alonso"]
[Result "0-1"]
[WhiteElo "2355"]
[BlackElo "2505"]

1.e4 c5 2.Nf3 e6 3.d4 cxd4 4.Nxd4 a6 5.Bd3 Nf6 6.O-O Qc7 7.c4 Nc6 8.Nxc6 dxc6
9.f4 e5 10.f5 a5 11.Nc3 Bc5+ 12.Kh1 b6 13.a3 Bb7 14.Rb1 Bd4 15.Ne2 Rd8 16.Bg5 c5
17.Ng3 Rd6 18.Bxf6 gxf6 19.Qg4 Ke7 20.Be2 Qd8 21.b4 axb4 22.axb4 cxb4 23.Rxb4 Qa8
24.Rbb1 Rg8 25.Qh4 Qa2 26.Bf3 Ba6 27.Qxh7 Rdd8 28.Nh5 Qd2 29.g3 Bxc4 30.Rbd1 Qe3
31.Rde1 Bxf1 32.Rxe3 Bxe3 33.h4 Bd3 34.g4 Bxe4 35.Bxe4 Rxg4 36.Bf3 Rxh4+
37.Kg2 Rd2+ 38.Be2 Rxe2+ 39.Kf3 Rhh2 40.Qh8 Bg5 41.Kg3 e4 42.Kg4 Reg2+ 43.Ng3 Rxg3+  0-1

[Event "Moscow-A"]
[Site "Moscow"]
[Date "1987.??.??"]
[Round "?"]
[White "Geller, Efim P"]
[Black "Ionescu, Constantin"]
[Result "1/2-1/2"]
[WhiteElo "2500"]
[BlackElo "2520"]

1.e4 c5 2.Nf3 e6 3.d4 cxd4 4.Nxd4 a6 5.Bd3 Nf6 6.O-O d6 7.c4 b6 8.Nc3 Bb7
9.f4 g6 10.Kh1 Bg7 11.e5 dxe5 12.fxe5 Qxd4 13.exf6 Bxf6 14.Bh6 Be5 15.Qe2 Nd7
16.Be4 Bxe4 17.Rad1 Bd3 18.Rxd3 Qh4 19.Rh3 Qe7 20.Ne4 f6 21.Rhf3 Ra7 22.h3 f5
23.Bg5 Qf7 24.Re3 O-O 25.Bh6  1/2-1/2

[Event "Namestovo"]
[Site "Namestovo"]
[Date "1987.??.??"]
[Round "14"]
[White "Rantanen, Yrjo A"]
[Black "Pekarek, Ales"]
[Result "1/2-1/2"]
[WhiteElo "2410"]
[BlackElo "2425"]

1.e4 c5 2.Nf3 e6 3.d4 cxd4 4.Nxd4 a6 5.Bd3 Nf6 6.O-O Qc7 7.Be3 d6 8.c4 g6
9.Nc3 Bg7 10.Be2 O-O 11.Qd2 Nbd7 12.Rac1 b6 13.Rfd1 Bb7 14.f3 Rfe8 15.Nb3 Bf8
16.Kh1 Rac8 17.Bg5 Qb8 18.Qd4 Nh5 19.Bf1 Ba8 20.Rd2 Ne5 21.Na4 Rc6 22.Rdc2 b5
23.cxb5 axb5 24.Nc3 b4 25.Na4 d5 26.exd5 exd5 27.Na5 Rxc2 28.Rxc2 Bg7 29.Qb6 d4
30.Qxb8 Rxb8 31.Nc5 Rc8 32.Rc1 Bd5 33.Nab3 h6 34.Bd2 Ra8 35.Na6 d3 36.Nc7 Rd8
37.Nxd5 Rxd5 38.Bxb4 Nf4 39.Bd2 Ne2 40.Bxe2 dxe2 41.Re1 Nc4 42.Rxe2 Bxb2
43.g3 g5 44.Be1 Bg7 45.Kg2 Rd8 46.Bf2 Na3 47.g4 Nb1 48.Be1 Na3 49.Nc5 Rb8
50.Ne4 Rb1 51.Nd6 Bf8 52.Bg3 Bxd6 53.Bxd6 Nc4 54.Bc5 f6 55.Bd4 Kf7 56.Rc2 Rb4
57.Bc5 Ra4 58.Kf2 Ke6 59.Bf8 Ne5 60.Ke3 Ng6 61.Bc5 Nf4 62.Bf8 h5 63.gxh5 Nxh5
64.a3 Nf4 65.Kf2 Nd5 66.Re2+ Kf5 67.Rd2 Ke6 68.Re2+  1/2-1/2

[Event "New York op"]
[Site "New York"]
[Date "1987.??.??"]
[Round "?"]
[White "Wedberg, Tom"]
[Black "Spraggett, Kevin"]
[Result "0-1"]
[WhiteElo "2480"]
[BlackElo "2550"]

1.e4 c5 2.Nf3 e6 3.d4 cxd4 4.Nxd4 a6 5.Bd3 Bc5 6.Nb3 Ba7 7.Nc3 Nc6 8.Qe2 d6
9.Be3 Bxe3 10.Qxe3 Nf6 11.O-O-O O-O 12.f4 Qc7 13.Rhg1 b5 14.g4 b4 15.g5 Ne8
16.Nb1 a5 17.Rg4 a4 18.N3d2 Ba6 19.Bxa6 Rxa6 20.Rh4 g6 21.Qh3 f5 22.gxf6 Rxf6
23.Nc4 Nd8 24.e5 Rf7 25.Qd3 d5 26.Ne3 Rc6 27.Rg1 Ng7 28.Nd2 a3 29.Ng4 Nf5
30.Nh6+ Nxh6 31.Rxh6 axb2+ 32.Kb1 Rc3 33.Qb5 Kg7 34.Rh4 Rxc2 35.Nb3 Qc3 36.Qf1 Nc6
37.Rg3 Qc4 38.Qxc4 Rxc4 39.Kxb2 Rcxf4  0-1

[Event "New York op"]
[Site "New York"]
[Date "1987.??.??"]
[Round "?"]
[White "Morovic Fernandez, Ivan"]
[Black "Abramovic, Bosko"]
[Result "1/2-1/2"]
[WhiteElo "2525"]
[BlackElo "2420"]

1.e4 c5 2.Nf3 e6 3.d4 cxd4 4.Nxd4 a6 5.Bd3 Nf6 6.O-O Qc7 7.c4 Nc6 8.Nxc6 dxc6
9.Nc3 e5 10.h3 Bc5 11.Rb1 a5 12.a3 Qe7 13.Bd2 O-O 14.b4 axb4 15.axb4 Bxb4
16.Nd5 Nxd5 17.cxd5 Bxd2 18.Qxd2 cxd5 19.exd5 Qd6 20.Rfd1 f5 21.Qe3 Rf6 22.Bc4 f4
23.Qb6 Ra4 24.Qb3 Bd7 25.Bb5 Ra3 26.Qb2 Bf5 27.Ra1 Rxa1 28.Qxa1 Rf8 29.Qa7 Rb8
30.Be2 h6 31.Bg4 Bxg4 32.hxg4 b5 33.Rc1 Rd8 34.Rc7 Qg6 35.f3 Kh7 36.Qa5 b4
37.Rb7 e4 38.Rb6 Rxd5 39.Qxb4 Qe8 40.Rb8 Rd1+ 41.Kh2 Qe5 42.Qxe4+ Qxe4 43.fxe4 Re1
44.Rf8 Rxe4 45.g3 g5 46.Kg2 Kg7 47.Ra8  1/2-1/2

[Event "New York op"]
[Site "New York"]
[Date "1987.??.??"]
[Round "?"]
[White "Byrne, Robert E"]
[Black "Gheorghiu, Florin"]
[Result "1/2-1/2"]
[WhiteElo "2495"]
[BlackElo "2540"]

1.e4 c5 2.Nf3 e6 3.d4 cxd4 4.Nxd4 a6 5.Bd3 Nf6 6.O-O d6 7.c4 Bd7 8.Nc3 Nc6
9.Be3 Nxd4 10.Bxd4 Be7 11.a4 a5 12.Qe2 O-O 13.Rad1 Bc6 14.Bc2 Nd7 15.Rd3 g6
16.Rfd1 Re8 17.Qd2 Qc7 18.Rh3 Bf8 19.Qf4 h6 20.Qg3 e5 21.Be3 Nc5 22.Bxh6 Bxh6
23.Rxh6 Kg7 24.Qh3 Rh8 25.Rxh8 Rxh8 26.Qe3 Qb6 27.b3 Qb4 28.Ne2 Qa3 29.Rxd6 Bxe4
30.Bxe4 Nxe4 31.Rd1 Nf6 32.Ng3 Ng4 33.Qe4 Nf6 34.Qxb7 Qb2 35.h3 Re8 36.Nf1 e4
37.Ne3 Re6 38.Qb5 Qc3 39.Qb8 Re8 40.Qg3 Kg8 41.Nd5 Nxd5 42.Rxd5 e3 43.fxe3 Qxb3
44.Rxa5 Qxc4 45.Re5 Rxe5 46.Qxe5 Qxa4 47.Kh2 Qd1 48.e4 Qf1 49.h4 Qf2 50.Qg3 Qe2
51.Qf4 Qe1 52.e5 Kg7 53.g3 Qe2+ 54.Kh3 Kg8 55.Qf6 Qe4 56.Qf4 Qe2 57.g4 Qd3+
58.Kg2 Qe2+ 59.Kg3 Qe1+ 60.Kh3 Qh1+  1/2-1/2

[Event "NLD-chT"]
[Site "NLD"]
[Date "1987.??.??"]
[Round "?"]
[White "Timmerman, Gert J"]
[Black "Bosboom, Manuel"]
[Result "0-1"]
[WhiteElo "2310"]
[BlackElo "2365"]

1.e4 c5 2.Nf3 e6 3.d4 cxd4 4.Nxd4 a6 5.Bd3 Qc7 6.O-O Nf6 7.c4 d6 8.Nc3 Nbd7
9.Be3 g6 10.Rc1 Bg7 11.b3 O-O 12.Bb1 b6 13.f3 Bb7 14.Qd2 Rad8 15.Rfd1 Rfe8
16.Qf2 Qb8 17.Nde2 Ba8 18.b4 Ne5 19.b5 Nxc4 20.bxa6 Nxe3 21.Qxe3 d5 22.Nb5 dxe4
23.a7 Rxd1+ 24.Rxd1 Qe5 25.Nd6 Nd5 26.Rxd5 exd5 27.Nxe8 Bf8 28.Qxb6 exf3
29.gxf3 Qxe8 30.Qb8 Qe3+ 31.Kf1 Qxf3+ 32.Ke1 d4 33.Nxd4 Qd5 34.Bd3 Kg7 35.Be2 Qxd4
36.Qxa8 Bb4+ 37.Kf1 Bc5 38.Ke1 Qg1+ 39.Kd2 Qe3+ 40.Ke1 Bxa7  0-1

[Event "NOR-ch playoff-1pl"]
[Site "Oslo"]
[Date "1987.??.??"]
[Round "4"]
[White "Jansson, Joran"]
[Black "Tisdall, Jonathan D"]
[Result "1/2-1/2"]
[WhiteElo "2270"]
[BlackElo "2450"]

1.e4 c5 2.Nf3 e6 3.d4 cxd4 4.Nxd4 a6 5.Bd3 g6 6.f4 Bg7 7.Nf3 d6 8.O-O Nf6
9.Nc3 O-O 10.Kh1 Nc6 11.a3 b5 12.Qe1 Bb7 13.f5 Ne5 14.Nxe5 dxe5 15.fxg6 fxg6
16.Bg5 Qb6 17.Qe3 Qxe3 18.Bxe3 Ng4 19.Bc5 Rfc8 20.b4 Nf6 21.Be7 Nd7 22.Nd1 Re8
23.Bh4 Nb6 24.Ne3 Rf8 25.Kg1 Rxf1+ 26.Rxf1 Rc8 27.Ng4 Nc4 28.Bf6 Nxa3 29.Bxg7 Kxg7
30.Nxe5 Rc7 31.Kf2 Kf6 32.Nf3 e5 33.Ke2 h6 34.h4 Ke6 35.Rc1 Nc4 36.c3 Nb2
37.Nd2 Rf7 38.Nf3 Rf4 39.Nd2 Rf2+ 40.Ke3 Rxg2 41.Be2 Rg3+ 42.Kf2 Nd3+ 43.Kxg3 Nxc1
44.Bd1 Kd6 45.Kf3 Nd3 46.Bb3 Bc8 47.Bf7 g5 48.hxg5 hxg5 49.Bh5 Be6 50.Bg4 Nb2
51.Bxe6 Kxe6 52.Nb3 Na4 53.Kg4 Kf6 54.Kh5 Nxc3 55.Nc5 Ne2 56.Kg4 Nc3  1/2-1/2

[Event "Pancevo"]
[Site "Pancevo"]
[Date "1987.??.??"]
[Round "?"]
[White "Marjanovic, Slavoljub"]
[Black "Tringov, Georgi P"]
[Result "1/2-1/2"]
[WhiteElo "2505"]
[BlackElo "2430"]

1.e4 c5 2.Nf3 e6 3.d4 cxd4 4.Nxd4 a6 5.Bd3 Nf6 6.O-O d6 7.c4 b6 8.Nc3 Bb7
9.Qe2 Be7 10.b3 O-O 11.Bb2 Nc6 12.Nxc6 Bxc6 13.Rae1 Re8 14.f4 Bf8 15.e5 Nd7
16.exd6 Nf6 17.Rd1 Bxd6 18.Ne4 Nxe4 19.Bxe4 Bxe4 20.Qxe4 Bc5+ 21.Kh1 Qc7
22.Rd3 Rad8 23.Rfd1 Rxd3 24.Rxd3 Bf8 25.Qd4 b5 26.cxb5 axb5 27.h3 b4 28.Kh2  1/2-1/2

[Event "POL-ch"]
[Site "?"]
[Date "1987.??.??"]
[Round "?"]
[White "Hawelko, Marek"]
[Black "Adamski, Jan"]
[Result "1-0"]
[WhiteElo "2460"]
[BlackElo "2420"]

1.e4 c5 2.Nf3 e6 3.d4 cxd4 4.Nxd4 a6 5.Bd3 Nf6 6.O-O d6 7.c4 Bd7 8.Nc3 Nc6
9.Be3 Be7 10.f4 Nxd4 11.Bxd4 e5 12.fxe5 dxe5 13.Bxe5 Ng4 14.Bf4 Bc5+ 15.Kh1 Nf2+
16.Rxf2 Bxf2 17.Nd5 O-O 18.Qf3 Bd4 19.Rd1 f6 20.e5 Bxe5 21.Qh5 g6 22.Bxg6 hxg6
23.Qxg6+ Kh8 24.Qh5+ Kg8 25.Qg6+ Kh8 26.Rd3 Qe8 27.Qh6+ Kg8 28.Rg3+ Kf7 29.Rg7+ Ke6
30.Nc7+  1-0

[Event "POL-ch"]
[Site "?"]
[Date "1987.??.??"]
[Round "?"]
[White "Przewoznik, Jan"]
[Black "Adamski, Jan"]
[Result "1/2-1/2"]
[WhiteElo "2430"]
[BlackElo "2420"]

1.e4 c5 2.Nf3 e6 3.d4 cxd4 4.Nxd4 a6 5.Bd3 Nf6 6.O-O d6 7.c4 Bd7 8.Nc3 Nc6
9.Nxc6 Bxc6 10.Qe2 Be7 11.f4 O-O 12.Be3 Nd7 13.Bd4 e5 14.Be3 exf4 15.Bxf4 Qc7
16.Rad1 Bf6 17.Qd2 Be5 18.Be2 Rad8 19.Kh1 Rfe8 20.Bxe5 Nxe5 21.Qd4 a5 22.Rd2 b6  1/2-1/2

[Event "Porabka"]
[Site "Porabka"]
[Date "1987.??.??"]
[Round "2"]
[White "Bielczyk, Jacek"]
[Black "Rakowiecki, Tomasz"]
[Result "1/2-1/2"]
[WhiteElo "2385"]
[BlackElo "2365"]

1.e4 c5 2.Nf3 e6 3.d4 cxd4 4.Nxd4 a6 5.Bd3 Nf6 6.O-O d6 7.Qe2 b6 8.f4 Bb7
9.c3 e5 10.fxe5 dxe5 11.Nb3 Nbd7 12.N1d2 Be7 13.Nc4 O-O 14.Bg5 Ne8 15.Be3 Qc7
16.Qf2 b5 17.Nb6  1/2-1/2

[Event "Porabka"]
[Site "Porabka"]
[Date "1987.??.??"]
[Round "5"]
[White "Rakowiecki, Tomasz"]
[Black "Pekarek, Ales"]
[Result "1/2-1/2"]
[WhiteElo "2365"]
[BlackElo "2480"]

1.e4 c5 2.Nf3 e6 3.d4 cxd4 4.Nxd4 a6 5.Bd3 Nf6 6.O-O d6 7.f4 Be7 8.Kh1 Qc7
9.Nc3 Bd7 10.Qe2 Nc6 11.Nf3 Ng4 12.Bd2 h5 13.a4 Bf6 14.Nd1 Nd4 15.Nxd4 Bxd4
16.c3 Ba7 17.Ne3 Bxe3  1/2-1/2

[Event "Porabka"]
[Site "Porabka"]
[Date "1987.??.??"]
[Round "9"]
[White "Riemersma, Liafbern"]
[Black "Pekarek, Ales"]
[Result "0-1"]
[WhiteElo "2395"]
[BlackElo "2480"]

1.e4 c5 2.Nf3 e6 3.d4 cxd4 4.Nxd4 a6 5.Bd3 Nf6 6.O-O d6 7.c4 b6 8.Nc3 Bb7
9.Kh1 Nc6 10.Nxc6 Bxc6 11.Qe2 Be7 12.b3 O-O 13.Bb2 Qc7 14.f4 Rad8 15.Rae1 Bb7
16.Bb1 Nd7 17.Qh5 Bf6 18.Rf3 Qc5 19.e5 g6 20.Qh3 dxe5 21.Be4 Bc8 22.Bc2 Bg7
23.Ne4 Qe7 24.fxe5 Nxe5 25.Rg3 f5 26.Ng5 h6 27.Nf3 Ng4  0-1

[Event "Porabka"]
[Site "Porabka"]
[Date "1987.??.??"]
[Round "11"]
[White "Borkowski, Franciszek"]
[Black "Pekarek, Ales"]
[Result "1/2-1/2"]
[WhiteElo "2450"]
[BlackElo "2480"]

1.e4 c5 2.Nf3 e6 3.d4 cxd4 4.Nxd4 a6 5.Bd3 Nf6 6.O-O d6 7.Kh1 g6 8.f4 Bg7
9.Nf3 O-O 10.f5 Nc6 11.Qe1 b5 12.Qh4 Bb7 13.Bg5 exf5 14.exf5 Ne5 15.Nxe5 dxe5
16.Nc3 Qb6 17.Rae1 Rae8 18.a3 e4 19.Nxe4 Bxe4 20.Bxe4 Nxe4 21.Rxe4 gxf5 22.Rxf5 Qg6
23.Qf4 Rxe4 24.Qxe4 Bxb2 25.h4 Bg7 26.Qg4 h5 27.Qf3 Re8 28.Bf6 Bxf6 29.Rxf6 Qg4
30.Qxg4+ hxg4 31.Kh2 Rc8 32.Rxa6 Rxc2 33.Kg3 Kg7 34.Rb6 Rb2 35.Kf4 Rb3 36.Kxg4 Rxa3
37.Rxb5 Ra2 38.g3 Ra3 39.h5 Rc3 40.Kh4 Ra3 41.g4 Ra4 42.Rc5 Rb4 43.Kg5 Rb6
44.Kf4 Rf6+ 45.Rf5 Ra6 46.Rg5+ Kh6 47.Rb5 Ra1 48.Rf5 Kg7 49.Kg5 Rb1 50.h6+ Kg8
51.Rd5 Kh7 52.Rf5 Kg8 53.Re5 Ra1 54.Kf5 Rf1+ 55.Ke4 Kh7 56.g5 Kg6 57.Kd3 Rh1
58.Re8 Kxg5 59.Rg8+  1/2-1/2

[Event "Primorsko op"]
[Site "Primorsko"]
[Date "1987.??.??"]
[Round "5"]
[White "Dobrovolsky, Ladislav"]
[Black "Ninov, Kiril"]
[Result "1-0"]
[WhiteElo "2425"]
[BlackElo "2315"]

1.e4 c5 2.Nf3 e6 3.d4 cxd4 4.Nxd4 a6 5.Bd3 Bc5 6.Nb3 Ba7 7.Qe2 Nc6 8.Be3 Bxe3
9.Qxe3 d6 10.O-O Nf6 11.c4 O-O 12.Nc3 Ne5 13.Rfd1 Qc7 14.Rac1 b6 15.Be2 Bb7
16.h3 Rfd8 17.Rd4 Ned7 18.Rcd1 Nc5 19.Bf3 Rd7 20.Nxc5 bxc5 21.R4d3 Rad8 22.b3 h6
23.h4 Bc6 24.Qf4 Nh7 25.Bh5 Nf6 26.Be2 e5 27.Qe3 Re7 28.Bf3 Ne8 29.Bg4 Nf6
30.Bf5 Ne8 31.Qd2 g6 32.Qxh6 Ng7 33.Rg3  1-0

[Event "Primorsko op"]
[Site "Primorsko"]
[Date "1987.??.??"]
[Round "6"]
[White "Garkov, Mitko"]
[Black "Toshkov, Tihomir"]
[Result "0-1"]
[WhiteElo "2365"]
[BlackElo "2435"]

1.e4 c5 2.Nf3 e6 3.d4 cxd4 4.Nxd4 a6 5.Bd3 Nf6 6.Be3 Nc6 7.Nc3 d5 8.exd5 exd5
9.h3 Bd6 10.O-O O-O 11.Nxc6 bxc6 12.Na4 Re8 13.c4 Rb8 14.cxd5 Nxd5 15.Bd2 Qh4
16.Rc1 Bxh3 17.f4 Nxf4 18.Rc4 Qg3 19.Qf3 Ne2+ 20.Bxe2 Qh2+ 21.Kf2 Bxg2 22.Bf4 Bxf3+
23.Bxh2 Bxe2 24.Bxd6 Bxc4  0-1

[Event "Primorsko op"]
[Site "Primorsko"]
[Date "1987.??.??"]
[Round "10"]
[White "Dobrovolsky, Ladislav"]
[Black "Toshkov, Tihomir"]
[Result "0-1"]
[WhiteElo "2425"]
[BlackElo "2435"]

1.e4 c5 2.Nf3 e6 3.d4 cxd4 4.Nxd4 a6 5.Bd3 Nf6 6.O-O d6 7.c4 Bd7 8.Nc3 Nc6
9.Nxc6 Bxc6 10.Qe2 Be7 11.b3 O-O 12.Bb2 Re8 13.Rad1 Qa5 14.a3 Rac8 15.b4 Qh5
16.Qd2 b5 17.cxb5 axb5 18.f4 Bd8 19.Rf3 Bb6+ 20.Kh1 d5 21.exd5 exd5 22.Bxb5 Bxb5
23.Nxb5 Ne4 24.Qd3 Nf2+ 25.Rxf2 Bxf2 26.Nd4 Re3 27.Qd2 Bg3 28.Nf3 Rxf3 29.gxf3 Qxf3+  0-1

[Event "Pucarevo zt"]
[Site "Pucarevo"]
[Date "1987.??.??"]
[Round "8"]
[White "Popovic, Petar"]
[Black "Kotronias, Vasilios"]
[Result "1-0"]
[WhiteElo "2540"]
[BlackElo "2440"]

1.e4 c5 2.Nf3 e6 3.d4 cxd4 4.Nxd4 a6 5.Bd3 Nf6 6.O-O d6 7.c4 b6 8.Nc3 Bb7
9.Qe2 Be7 10.f4 Nc6 11.Nxc6 Bxc6 12.b3 O-O 13.Bb2 Nd7 14.Kh1 g6 15.Rad1 Re8
16.Bb1 Ra7 17.a4 Bf8 18.Bc2 Qa8 19.Qf2 Nc5 20.Nd5 exd5 21.cxd5 Bxa4 22.bxa4 Bg7
23.Bxg7 Kxg7 24.e5 Qd8 25.a5 bxa5 26.Ba4 Ree7 27.Bc6 Kg8 28.Rfe1 f5 29.Qd4 Ne4
30.Rb1 Qc7 31.e6 Qd8 32.Rb6 Rec7 33.Reb1 Rc8 34.g3 Rac7 35.Rxa6 g5 36.fxg5 Qxg5
37.Rxa5 Rg7 38.Ra3 Qg4 39.Qe3 Rf8 40.Rg1 h5 41.Bb5 Kh8 42.Bd3 Nf6 43.Rf1 Ng8
44.Qf4 Qxf4 45.Rxf4 Ne7 46.Rh4 Rg5 47.Ra7 Nxd5 48.Rd4 f4 49.gxf4 Nxf4 50.Rh7+ Kg8
51.e7 Nh3 52.Rh8+  1-0

[Event "Rio Hondo"]
[Site "Rio Hondo"]
[Date "1987.??.??"]
[Round "7"]
[White "Bronstein, Luis"]
[Black "Panno, Oscar"]
[Result "0-1"]
[WhiteElo "2410"]
[BlackElo "2520"]

1.e4 c5 2.Nf3 e6 3.d4 cxd4 4.Nxd4 a6 5.Bd3 Nf6 6.O-O Qc7 7.Qe2 d6 8.c4 Nbd7
9.f4 g6 10.f5 e5 11.Nc2 Bg7 12.Ne3 b6 13.Nc3 Bb7 14.Bd2 O-O 15.g4 Bh6 16.h4 Bf4
17.b4 b5 18.cxb5 axb5 19.Kg2 Nb6 20.Rac1 Qd8 21.Kh3 d5 22.exd5 Nbxd5 23.Nexd5 Nxd5
24.Nxd5 Qxd5 25.Rc5 Qd6 26.Bc3  0-1

[Event "FRA-ch"]
[Site "Rouen"]
[Date "1987.??.??"]
[Round "2"]
[White "Apicella, Manuel"]
[Black "Meinsohn, Francis"]
[Result "1-0"]
[WhiteElo "2295"]
[BlackElo "2260"]

1.e4 c5 2.Nf3 e6 3.d4 cxd4 4.Nxd4 a6 5.Bd3 Nf6 6.O-O d6 7.a4 b6 8.Be3 Bb7
9.Nc3 Nbd7 10.Qe2 Be7 11.Rad1 Ne5 12.h3 O-O 13.f4 Nxd3 14.cxd3 Nd7 15.Qd2 Kh8
16.Rc1 Rc8 17.Nce2 Nc5 18.Qd1 Qd7 19.Nc3 d5 20.e5 Bc6 21.Nxc6 Rxc6 22.Bd4 Rfc8
23.Rb1 Qe8 24.Kh1 Nd7 25.Qf3 Bc5 26.Ne2 Nf8 27.g4 R6c7 28.Ra1 Ng6 29.Qg3 f6
30.exf6 Bxd4 31.Nxd4 gxf6 32.Rae1 e5 33.fxe5 fxe5 34.Nf5 Qxa4 35.Rxe5 Rc1
36.Rxc1 Rxc1+ 37.Re1 Rxe1+ 38.Qxe1 d4 39.Qe4 Qa1+ 40.Kg2 Qxb2+ 41.Kf3 Qb4
42.Qd5 a5 43.Qd8+ Qf8 44.Qxd4+ Kg8 45.Qd5+ Kh8 46.Qd4+ Kg8 47.Qc4+ Kh8 48.Qc3+ Kg8
49.Qb3+ Kh8 50.Qb2+ Kg8 51.Qa2+ Kh8 52.Qa1+ Kg8 53.Qa2+ Kh8 54.Qb2+ Kg8 55.Qb3+ Kh8
56.Qxb6 Nh4+ 57.Kf4 Nxf5 58.gxf5 Qb4+ 59.Qxb4 axb4 60.Ke3 Kg7 61.Kd4 Kf6
62.Kc4 Kxf5 63.Kxb4 Ke6 64.Kc5 h6 65.h4 h5 66.d4 Ke7 67.Kc6  1-0

[Event "FRA-ch"]
[Site "Rouen"]
[Date "1987.??.??"]
[Round "6"]
[White "Guyot, Philippe"]
[Black "Apicella, Manuel"]
[Result "1/2-1/2"]
[WhiteElo "2290"]
[BlackElo "2295"]

1.e4 c5 2.Nf3 e6 3.d4 cxd4 4.Nxd4 a6 5.Bd3 Nf6 6.O-O d6 7.Be3 g6 8.a4 b6
9.Nd2 e5 10.N4f3 Ng4 11.Nc4 Nd7 12.Bg5 Ngf6 13.a5 b5 14.Nb6 Nxb6 15.axb6 Rb8
16.c4 bxc4 17.Bxc4 Bg7 18.Bxa6 Qxb6 19.Be3 Qd8 20.Bxc8 Rxc8 21.Ra6 O-O 22.Bg5 Rc4
23.Qd3 Qc8 24.Rxd6  1/2-1/2